000 00525nam a2200169 4500
001 120579
003 ES-MaACL
005 20230906191600.0
007 t|
008 070214s1913 fr r ||||1| fre d
100 1 _aPizon, Antoine.
_992458
245 1 0 _aAnatomie et Physiologie humaines
_b: suivies de l'etude des principaux groupes zoologiques /
_cpar Antoine Pizon.
250 _a4e éd.
260 _aParis :
_b[s. n.],
_c1913 (
_eEvreux :
_fCh. Herissey)
300 _a640 p. ;
_c25 cm.
852 _aES-MaACL
_jB-12680
999 _c120579
_d120579